| 000 | 00335nam a22001337a 4500 | ||
|---|---|---|---|
| 020 | _qPB. | ||
| 040 | _cFIZZA ISHAQ | ||
| 082 |
_a624.17 _bHOR |
||
| 100 |
_aWEST, HARRY H. _984972 |
||
| 245 |
_aFUNDAMENTAL OF STRUTURAL ANALYSIS / _cHARRY H. WEST. |
||
| 250 | _a2nd ED. | ||
| 260 |
_aNEW YORK _bJOHN WELIY SON _c2003 |
||
| 942 |
_2ddc _cBK |
||
| 999 |
_c586861 _d586861 |
||